000 00947nam a2200241 i 4500
001 185796
003 ES-MaACL
005 20251014063301.0
008 160810s1957 sp |||| | spa d
080 _a821.111-31"19"
100 1 _aChristie, Agatha,
_d1890-1976
_938657
245 1 3 _aEl enigmático Mr. Quin
_b; Matrimonio de sabuesos ; Tres ratones ciegos y otros cuentos ; Los trabajos de Hércules / Agathe Christie ; prólogo de Salvador Bordoy Luque ; [traducción de Manuel Amechazurra ... et al.].
260 _aMadrid :
_bAguilar,
_c1957.
300 _a1187 p. :
_b1 retr. ;
_c18 cm.
490 1 _aObras escogidas / Agatha Christie ;
_v3
490 1 _aEl lince astuto
700 1 _aBordoy Luque, Salvador.
_930424
700 0 _aAmechazurra, Manuel.
_921185
830 0 _aObras escogidas / Agatha Christie ;
_v3
_9192407
830 0 _aEl lince astuto
_9186549
852 _aES-MaACL
_jC-13766
999 _c185796
_d185796